| 000 | 00970cas a2200313 4500 | ||
|---|---|---|---|
| 001 | data | ||
| 005 | 20260322212101.0 | ||
| 008 | data | ||
| 010 | _a 80647171 | ||
| 029 | 1 |
_aAU@ _b000015609164 |
|
| 035 | _a(OCoLC)7434548 | ||
| 040 |
_aDLC _beng _cDLC _dOCLCL _dOCLCQ _dOCLCF _dOCLCQ _dOCLCL |
||
| 042 | _apcc | ||
| 050 | 0 | 0 |
_aR111 _b.H74 |
| 245 | 0 | 0 | _aXin yi chao. |
| 260 |
_a[Taizhong, Taiwan], _b[Zhongguo yi yao xue yuan] |
||
| 300 |
_ano. _billustrations _c26 cm |
||
| 336 |
_atext _btxt _2rdacontent |
||
| 337 |
_aunmediated _bn _2rdamedia |
||
| 650 | 0 | _aMedicine, Chinese. | |
| 650 | 0 | _aMedicine. | |
| 650 | 7 |
_aMedicine. _2fast _0(OCoLC)fst01014893 |
|
| 650 | 7 |
_aMedicine, Chinese. _2fast _0(OCoLC)fst01015214 |
|
| 710 | 2 |
_aZhongguo yi yao xue yuan. _1https://id.oclc.org/worldcat/entity/E39QH7JmqpXTV98gW8gbrtQfkt |
|
| 906 |
_a7 _bcbc _cserials _d4 _encip _f19 _gn-oclcserc |
||
| 991 |
_bc-Asian _hR111 _i.H74 _wSERIALS |
||
| 999 |
_c1454 _d1454 |
||